书目信息 |
| 题名: |
电脑绘画快速入门
|
|
| 作者: | 李忆馥 , 沈建国 编著 | |
| 分册: | ||
| 出版信息: | 上海 上海人民美术出版社 1997.11 |
|
| 页数: | 148页 | |
| 开本: | 32开 | |
| 丛书名: | ||
| 单 册: | ||
| 中图分类: | TP391.41 | |
| 科图分类: | ||
| 主题词: | 计算机应用 | |
| 电子资源: | ||
| ISBN: | 7-5322-1779-5 | |
| 000 | 00614nam0 2200205 45 | |
| 001 | 0104281085 | |
| 005 | 20010428104943.1 | |
| 010 | @a7-5322-1779-5@d16.80元 | |
| 100 | @a20010428d1997 km y0chiy0120 ea | |
| 101 | 0 | @achi |
| 105 | @a z 000yy | |
| 200 | 1 | @a电脑绘画快速入门@ADian Nao Hui Hua Kuai Su Ru Men@f李忆馥,沈建国编著@FLi Yi Fu,Shen Jian Guo Bian Zhu |
| 210 | @a上海@c上海人民美术出版社@d1997.11 | |
| 215 | @a148页@d32开 | |
| 606 | 0 | @a计算机应用 |
| 690 | @aTP391.41@v3 | |
| 701 | 0 | @a李忆馥@4编著 |
| 701 | 0 | @a沈建国@4编著 |
| 801 | @aCN@bPftUser@c20010428 | |
| 905 | @b340691-700@dTP391.41@eL257@f10 | |
| 电脑绘画快速入门/李忆馥,沈建国编著.-上海:上海人民美术出版社,1997.11 |
| 148页;32开 |
| ISBN 7-5322-1779-5:16.80元 |
| ● |
| 相关链接 |
|
|
|
正题名:电脑绘画快速入门
索取号:TP391.41/L257
 
预约/预借
| 序号 | 登录号 | 条形码 | 馆藏地/架位号 | 状态 | 备注 |
| 1 | 340691 | 203406910 | 自科库301/301自科库 66排5列4层/ [索取号:TP391.41/L257] | 在馆 | |
| 2 | 340692 | 203406929 | 自科库301/301自科库 62排6列5层/ [索取号:TP391.41/L257] | 在馆 | |
| 3 | 340693 | 203406938 | 自科二线404/404自科库 15排2列5层/ [索取号:TP391.41/L257] | 在馆 | |
| 4 | 340694 | 203406947 | 自科二线404/301自科库 93排1列2层/ [索取号:TP391.41/L257] | 在馆 | |
| 5 | 340695 | 203406956 | 自科二线504/504自科库 3排1列1层/ [索取号:TP391.41/L257] | 在馆 | |
| 6 | 340696 | 203406965 | 自科二线504/504自科库 3排1列1层/ [索取号:TP391.41/L257] | 在馆 | |
| 7 | 340697 | 203406974 | 自科库301/301自科库 66排5列4层/ [索取号:TP391.41/L257] | 在馆 | |
| 8 | 340698 | 203406983 | 自科二线504/504自科库 3排1列1层/ [索取号:TP391.41/L257] | 在馆 | |
| 9 | 340699 | 203406992 | 自科二线504/504自科库 3排1列1层/ [索取号:TP391.41/L257] | 在馆 | |
| 10 | 340700 | 203407009 | 自科二线504/504自科库 3排1列1层/ [索取号:TP391.41/L257] | 在馆 |